Web development with JavaServer pages / (Record no. 62120)

000 -LEADER
fixed length control field 01374cam a22003617a 4500
001 - CONTROL NUMBER
control field 12031108
003 - CONTROL NUMBER IDENTIFIER
control field NUST-PNEC
005 - DATE AND TIME OF LATEST TRANSACTION
control field 20170116180739.0
008 - FIXED-LENGTH DATA ELEMENTS--GENERAL INFORMATION
fixed length control field 000605s2000 ctua 001 0 eng d
010 ## - LIBRARY OF CONGRESS CONTROL NUMBER
LC control number 00267913
020 ## - INTERNATIONAL STANDARD BOOK NUMBER
International Standard Book Number 1884777996
035 ## - SYSTEM CONTROL NUMBER
System control number (OCoLC)ocm44063194
040 ## - CATALOGING SOURCE
Original cataloging agency JRZ
Transcribing agency PNEC
042 ## - AUTHENTICATION CODE
Authentication code lccopycat
050 00 - LIBRARY OF CONGRESS CALL NUMBER
Classification number TK5105.8885.J38
Item number F54 2000
082 00 - DEWEY DECIMAL CLASSIFICATION NUMBER
Classification number 005.72 FIE
Edition number 21
100 1# - MAIN ENTRY--PERSONAL NAME
Personal name Fields, Duane K.
245 10 - TITLE STATEMENT
Title Web development with JavaServer pages /
Statement of responsibility, etc. Duane K. Fields, Mark A. Kolb.
246 30 - VARYING FORM OF TITLE
Title proper/short title JavaServer pages
260 ## - PUBLICATION, DISTRIBUTION, ETC.
Place of publication, distribution, etc. Greenwich, CT :
Name of publisher, distributor, etc. Manning Publications,
Date of publication, distribution, etc. c2000.
300 ## - PHYSICAL DESCRIPTION
Extent xxvi, 554 p. :
Other physical details ill. ;
Dimensions 24 cm.
500 ## - GENERAL NOTE
General note Includes index.
500 ## - GENERAL NOTE
General note "A practical guide for designing and building dynamic web services. Covers JSP 1.1"--Cover.
630 00 - SUBJECT ADDED ENTRY--UNIFORM TITLE
Uniform title JavaServer pages.
650 #0 - SUBJECT ADDED ENTRY--TOPICAL TERM
Topical term or geographic name entry element Web sites
General subdivision Computer, MIS
650 #0 - SUBJECT ADDED ENTRY--TOPICAL TERM
Topical term or geographic name entry element Web site development.
700 1# - ADDED ENTRY--PERSONAL NAME
Personal name Kolb, Mark A.
856 7# - ELECTRONIC LOCATION AND ACCESS
Uniform Resource Identifier <a href="http://www.amazon.com/Web-Development-Java-Server-Pages/dp/1884777996/ref=sr_1_1?s=books&ie=UTF8&qid=1418244544&sr=1-1&keywords=WEB+DEVELOPMENT+WITH+JAVA+SERVER+PAGES">http://www.amazon.com/Web-Development-Java-Server-Pages/dp/1884777996/ref=sr_1_1?s=books&ie=UTF8&qid=1418244544&sr=1-1&keywords=WEB+DEVELOPMENT+WITH+JAVA+SERVER+PAGES</a>
856 42 - ELECTRONIC LOCATION AND ACCESS
Materials specified Publisher description
906 ## - LOCAL DATA ELEMENT F, LDF (RLIN)
a 7
b cbc
c copycat
d 2
e ncip
f 20
g y-gencatlg
942 ## - ADDED ENTRY ELEMENTS (KOHA)
Source of classification or shelving scheme
Koha item type Book
Holdings
Withdrawn status Lost status Source of classification or shelving scheme Damaged status Not for loan Permanent Location Current Location Shelving location Date acquired Source of acquisition Total Checkouts Full call number Barcode Date last seen Price effective from Koha item type
          Pakistan Navy Engineering College (PNEC) Pakistan Navy Engineering College (PNEC)   10/23/2000 NUST Recurring A/c   005.72 FIE PNECLIB-023141 12/11/2014   Book
© 2023 Central Library, National University of Sciences and Technology. All Rights Reserved.